[Event "5. ODEM U25 2008"]
[Site "Willingen GER"]
[Date "2008.05.13"]
[Round "5"]
[White "Brand, Benedikt"]
[Black "Pfadenhauer, Tobias"]
[Result "1-0"]
[Termination "normal"]
[Board "51"]
[WhiteElo "1314"]
[BlackElo "1759"]
[PlyCount "53"]
[WhiteFideId "24683744"]
[BlackFideId "24615455"]
[EventCountry "GER"]
[EventRounds "9"]
[EventType "swiss"]
[EventDate "2008.05.10"]

1. e4 e6 2. d4 d5 3. exd5 exd5 4. Bd3 Bd6 5. Nf3 Ne7 6. b3 Bf5 7. O-O O-O 8.
Bg5 f6 9. Be3 c6 10. c4 dxc4 11. bxc4 Bxd3 12. Qxd3 Ng6 13. Qb3 Qb6 14. Nc3
Qxb3 15. axb3 Bf4 16. Rfe1 Kf7 17. g3 Bxe3 18. Rxe3 Nd7 19. Rae1 Rfe8 20. Ne4
Kf8 21. Nd6 Rxe3 22. Rxe3 b6 23. Nf5 a5 24. Re6 Rc8 25. h4 Kf7 26. Re3 Rg8 27.
h5 1-0

[Event "5. ODEM U25 2008"]
[Site "Willingen GER"]
[Date "2008.05.13"]
[Round "5"]
[White "Reiser, Marck"]
[Black "Glatting, Lisa"]
[Result "1/2-1/2"]
[Termination "normal"]
[Board "52"]
[WhiteElo "1294"]
[BlackElo "1762"]
[PlyCount "54"]
[WhiteFideId "24684678"]
[BlackFideId "24667617"]
[EventCountry "GER"]
[EventRounds "9"]
[EventType "swiss"]
[EventDate "2008.05.10"]

1. d4 d5 2. c4 e6 3. Nc3 Nf6 4. Bg5 Be7 5. e3 Nc6 6. Nf3 O-O 7. Be2 h6 8. Bh4
Nh7 9. Bg3 Re8 10. O-O Nf6 11. Nb5 Bd6 12. Bxd6 cxd6 13. Nc3 dxc4 14. Bxc4 a6
15. a3 b5 16. Bd3 Bb7 17. b4 Rc8 18. Rc1 Nh7 19. Qd2 Ng5 20. Nxg5 Qxg5 21. Ne4
Qe7 22. Rc2 Rc7 23. Rfc1 Rec8 24. Qe2 Nd8 25. Rxc7 Rxc7 26. Rxc7 Qxc7 27. Qc2
Qe7 1/2-1/2

[Event "5. ODEM U25 2008"]
[Site "Willingen GER"]
[Date "2008.05.13"]
[Round "5"]
[White "Hümmecke, Aaron"]
[Black "Bangert, Benjamin"]
[Result "0-1"]
[Termination "normal"]
[Board "53"]
[WhiteElo "1466"]
[BlackElo "1227"]
[PlyCount "124"]
[WhiteFideId "24692522"]
[BlackFideId "24692654"]
[EventCountry "GER"]
[EventRounds "9"]
[EventType "swiss"]
[EventDate "2008.05.10"]

1. e4 e6 2. d4 d5 3. exd5 exd5 4. Nf3 Bf5 5. Bf4 Nf6 6. a3 Be7 7. Nc3 c6 8. h3
O-O 9. Bd3 Qc8 10. g4 Bxd3 11. Qxd3 Re8 12. O-O-O b5 13. Be5 Nbd7 14. Ng5 g6
15. Qf3 Rf8 16. h4 Nxe5 17. dxe5 Qxg4 18. exf6 Qxf3 19. Nxf3 Bxf6 20. Na2 a5
21. h5 Rfe8 22. hxg6 fxg6 23. Rde1 Rf8 24. c3 Bxc3 25. Nxc3 Rxf3 26. Re7 Rf7
27. Rxf7 Kxf7 28. Rxh7+ Kf6 29. Rc7 Ra6 30. Kd2 g5 31. Ke3 Ke5 32. Kf3 d4 33.
Ne4 g4+ 34. Kxg4 Kxe4 35. Re7+ Kd3 36. f4 Kd2 37. f5 d3 38. f6 Ra8 39. f7 Rf8
40. Rc7 Kc2 41. b4 a4 42. Rxc6+ Kb3 43. Rd6 Kxa3 44. Rxd3+ Kxb4 45. Rf3 a3 46.
Rf4+ Ka5 47. Rf3 b4 48. Rf5+ Ka4 49. Kg5 a2 50. Rf6 b3 51. Kg6 b2 52. Kg7 Rxf7+
53. Rxf7 a1=Q 54. Ra7+ Kb5 55. Rb7+ Kc6 56. Rf7 b1=Q+ 57. Kh6 Qh8+ 58. Kg5 Qg8+
59. Rg7 Qxg7+ 60. Kf4 Qf1+ 61. Ke4 Qe7+ 62. Kd4 Qc5+ 0-1

[Event "5. ODEM U25 2008"]
[Site "Willingen GER"]
[Date "2008.05.13"]
[Round "5"]
[White "Preiß, Vincent"]
[Black "Wachinger, David"]
[Result "1-0"]
[Termination "normal"]
[Board "54"]
[WhiteElo "1580"]
[BlackElo "1179"]
[PlyCount "81"]
[WhiteFideId "24660850"]
[BlackFideId "24692689"]
[EventCountry "GER"]
[EventRounds "9"]
[EventType "swiss"]
[EventDate "2008.05.10"]

1. d4 d5 2. c4 c6 3. Nc3 Nf6 4. Nf3 Bf5 5. e3 e6 6. cxd5 exd5 7. Bd3 Bxd3 8.
Qxd3 Bd6 9. Bd2 O-O 10. O-O-O Nbd7 11. h4 Re8 12. Rdg1 Ne4 13. Be1 b5 14. Ng5
Ndf6 15. f3 Nxc3 16. Bxc3 h6 17. Nh3 Qe7 18. Bd2 a5 19. g4 Nd7 20. g5 h5 21. f4
g6 22. f5 Kh7 23. fxg6+ fxg6 24. Nf4 Nf8 25. Nxh5 Kg8 26. Nf6+ Kg7 27. Nxe8+
Qxe8 28. Be1 Qe4 29. Qxe4 dxe4 30. Rg4 Re8 31. Bxa5 Ra8 32. Bd2 Rxa2 33. Kb1
Ra7 34. Rxe4 Rf7 35. Rg4 Rf2 36. Bc1 Rf7 37. Rgg1 Nd7 38. Rf1 Re7 39. h5 gxh5
40. Rxh5 Re8 41. Rh6 1-0

[Event "5. ODEM U25 2008"]
[Site "Willingen GER"]
[Date "2008.05.13"]
[Round "5"]
[White "Wagner, Thomas"]
[Black "Weber, Yannik"]
[Result "1-0"]
[Termination "normal"]
[Board "55"]
[WhiteElo "1554"]
[BlackElo "1057"]
[PlyCount "75"]
[BlackFideId "24692700"]
[EventCountry "GER"]
[EventRounds "9"]
[EventType "swiss"]
[EventDate "2008.05.10"]

1. e4 e5 2. f4 d5 3. Nf3 exf4 4. exd5 Qxd5 5. Nc3 Qd8 6. Bc4 Bb4 7. O-O Bg4 8.
Bxf7+ Kxf7 9. Ne5+ Ke7 10. Nxg4 Nh6 11. Re1+ Kf7 12. Nxh6+ gxh6 13. Qh5+ Kg7
14. Qe5+ Qf6 15. Qxf6+ Kxf6 16. Nd5+ Kf7 17. Nxb4 Rg8 18. Rf1 Nd7 19. Rxf4+ Kg7
20. d4 Kh8 21. Rf7 Rad8 22. Bxh6 Rg6 23. Bf4 c5 24. Bc7 Re8 25. Rxd7 Re2 26.
Rd1 Rgxg2+ 27. Kh1 cxb4 28. Be5+ Kg8 29. Rg1 Rxg1+ 30. Kxg1 Rxc2 31. Rxb7 Rxb2
32. Rxa7 h5 33. d5 Re2 34. d6 Rxe5 35. d7 Rd5 36. Ra8+ Kf7 37. d8=Q Rg5+ 38.
Qxg5 1-0

[Event "5. ODEM U25 2008"]
[Site "Willingen GER"]
[Date "2008.05.13"]
[Round "5"]
[White "Wenke, Andrea"]
[Black "Kreyssig, Bruno"]
[Result "1-0"]
[Termination "normal"]
[Board "56"]
[WhiteElo "1440"]
[BlackElo "1034"]
[PlyCount "85"]
[WhiteFideId "24677736"]
[BlackFideId "4692489"]
[EventCountry "GER"]
[EventRounds "9"]
[EventType "swiss"]
[EventDate "2008.05.10"]

1. e4 e5 2. Nf3 d6 3. d4 Nd7 4. Bc4 Be7 5. Bb3 Ngf6 6. Nc3 O-O 7. O-O b6 8.
dxe5 dxe5 9. Re1 Bb7 10. Nd5 Nc5 11. Nxf6+ Bxf6 12. Bd5 Rb8 13. c3 Qd7 14. Be3
Rbd8 15. Bxc5 Bxd5 16. Bxf8 Bxe4 17. Qxd7 Rxd7 18. Rxe4 Kxf8 19. Nxe5 Bxe5 20.
Rxe5 f6 21. Re2 Kf7 22. Rae1 c5 23. f4 a5 24. a3 c4 25. Re6 b5 26. Rb6 Rd5 27.
g4 a4 28. f5 g5 29. Rb7+ Kf8 30. Ree7 Re5 31. Rxe5 fxe5 32. Rxb5 e4 33. Kf2 Ke7
34. Ke3 h6 35. Rb6 h5 36. gxh5 Kf7 37. Kxe4 Kg7 38. Ke5 Kg8 39. Rb7 Kh8 40. Ke6
Kg8 41. Kf6 Kh8 42. Kg6 g4 43. Rb8# 1-0

[Event "5. ODEM U25 2008"]
[Site "Willingen GER"]
[Date "2008.05.13"]
[Round "5"]
[White "Kuckling, Linus"]
[Black "Dietz, Daniel"]
[Result "0-1"]
[Termination "normal"]
[Board "57"]
[WhiteElo "1181"]
[BlackElo "1421"]
[PlyCount "128"]
[WhiteFideId "24658243"]
[EventCountry "GER"]
[EventRounds "9"]
[EventType "swiss"]
[EventDate "2008.05.10"]

1. e4 c5 2. Nf3 Nc6 3. d4 cxd4 4. Nxd4 g6 5. Bc4 Bg7 6. Be3 Nf6 7. Nc3 Qa5 8.
Qd2 Qb4 9. Bb3 Nxe4 10. Nxe4 Qxd2+ 11. Nxd2 Nxd4 12. Bxd4 Bxd4 13. Nf3 Bxb2 14.
Rb1 Bg7 15. Bd5 O-O 16. O-O Rb8 17. Rb3 e6 18. Be4 d5 19. Bd3 Bd7 20. Rfb1 Bc6
21. Ba6 Ba4 22. Rxb7 Rxb7 23. Rxb7 Bxc2 24. Rxa7 Rd8 25. Ng5 Rf8 26. Rc7 Bb1
27. a4 h6 28. Nf3 Rd8 29. Rc1 Be4 30. Nd2 Bf5 31. Bb5 h5 32. h3 e5 33. Nf3 d4
34. Rd1 d3 35. Ne1 d2 36. Nf3 Bh6 37. Nxd2 Rxd2 38. Rxd2 Bxd2 39. f3 Kf8 40.
Kf2 Ke7 41. Ke2 Bb4 42. g4 hxg4 43. hxg4 Be6 44. Kd3 Kf6 45. Ke2 Kg5 46. Kf1
Kf4 47. Ke2 Bd5 48. Kd3 Kxf3 49. g5 Kg4 50. Ke2 Kxg5 51. Kf1 f5 52. Kg1 e4 53.
Kf1 f4 54. Ke2 e3 55. Kf1 f3 56. Bd3 Be4 57. Bxe4 e2+ 58. Kf2 e1=Q+ 59. Kxf3
Qc3+ 60. Kg2 Kf4 61. Bxg6 Qd2+ 62. Kg1 Bc5+ 63. Kh1 Qf2 64. a5 Qg1# 0-1

[Event "5. ODEM U25 2008"]
[Site "Willingen GER"]
[Date "2008.05.13"]
[Round "5"]
[White "Klein, Maren"]
[Black "Reksten, Daniel"]
[Result "0-1"]
[Termination "normal"]
[Board "58"]
[WhiteElo "1025"]
[BlackElo "1400"]
[PlyCount "44"]
[BlackFideId "24692590"]
[EventCountry "GER"]
[EventRounds "9"]
[EventType "swiss"]
[EventDate "2008.05.10"]

1. e4 e5 2. Nf3 Nc6 3. Bc4 Bc5 4. d3 d6 5. h3 Nf6 6. Bg5 Be6 7. Bb3 Qd7 8. Bxf6
gxf6 9. O-O Rg8 10. Bxe6 Qxe6 11. g4 h5 12. Nh4 hxg4 13. hxg4 Qxg4+ 14. Qxg4
Rxg4+ 15. Ng2 O-O-O 16. Kh1 Rh8+ 17. Kg1 Nd4 18. Rc1 Rhg8 19. Kf1 Rxg2 20. f3
Rg1+ 21. Kf2 R8g2+ 22. Ke3 Nxc2# 0-1

[Event "5. ODEM U25 2008"]
[Site "Willingen GER"]
[Date "2008.05.13"]
[Round "5"]
[White "Erben, Katrin"]
[Black "Alt, Elisabeth"]
[Result "0-1"]
[Termination "normal"]
[Board "60"]
[WhiteElo "946"]
[BlackElo "1275"]
[PlyCount "58"]
[WhiteFideId "24692743"]
[BlackFideId "24692620"]
[EventCountry "GER"]
[EventRounds "9"]
[EventType "swiss"]
[EventDate "2008.05.10"]

1. e4 d5 2. exd5 Nf6 3. Nc3 Nxd5 4. Nxd5 Qxd5 5. Nf3 e5 6. d4 e4 7. Nd2 Qxd4 8.
c3 Qe5 9. Bc4 Bd6 10. Qe2 Bf5 11. g3 Nc6 12. O-O Bc5 13. b4 Bb6 14. a4 a5 15.
b5 Ne7 16. Bd3 O-O-O 17. Bxe4 Bxe4 18. Nxe4 f5 19. Bg5 fxe4 20. Bxe7 Qxe7 21.
Qg4+ Kb8 22. Rfe1 Rhe8 23. Kh1 Bxf2 24. Rad1 Bxe1 25. Rxe1 e3 26. Kg2 Qe4+ 27.
Qxe4 Rxe4 28. Kf3 Rxa4 29. Rxe3 Rc4 0-1

[Event "5. ODEM U25 2008"]
[Site "Willingen GER"]
[Date "2008.05.13"]
[Round "5"]
[White "Nobis, Philipp"]
[Black "Lang, Jan-Hendrik"]
[Result "1-0"]
[Termination "normal"]
[Board "61"]
[WhiteElo "1260"]
[BlackElo "982"]
[PlyCount "40"]
[WhiteFideId "24602183"]
[EventCountry "GER"]
[EventRounds "9"]
[EventType "swiss"]
[EventDate "2008.05.10"]

1. e4 e5 2. Nf3 Nc6 3. Bc4 Nf6 4. Ng5 d5 5. exd5 Nxd5 6. d3 Be7 7. Qf3 Nd4 8.
Qxf7+ Kd7 9. Qxd5+ Ke8 10. Qxd8+ Kxd8 11. Nf7+ Ke8 12. Na3 Bxa3 13. bxa3 Nxc2+
14. Kd2 Nxa1 15. Nxh8 Ke7 16. Nf7 Kf6 17. Bb2 Be6 18. Nxe5 Bxc4 19. Nxc4+ Ke6
20. Rxa1 Rf8 1-0

[Event "5. ODEM U25 2008"]
[Site "Willingen GER"]
[Date "2008.05.13"]
[Round "5"]
[White "Bui, Ha Trang"]
[Black "Kilic, Ahmet"]
[Result "0-1"]
[Termination "normal"]
[Board "65"]
[WhiteElo "774"]
[BlackElo "1171"]
[PlyCount "90"]
[EventCountry "GER"]
[EventRounds "9"]
[EventType "swiss"]
[EventDate "2008.05.10"]

1. e4 Nf6 2. d3 d6 3. Nf3 Nc6 4. Nbd2 Be6 5. h3 g6 6. c3 Bg7 7. d4 Bd7 8. Bc4
O-O 9. O-O Qc8 10. Re1 Nh5 11. Nf1 e5 12. d5 Ne7 13. Bg5 f6 14. Be3 Rf7 15. Qe2
f5 16. Ng5 Rf6 17. Ne6 Bxe6 18. dxe6 fxe4 19. Bg5 d5 20. Bxf6 Nxf6 21. Bb3 Qxe6
22. c4 c6 23. cxd5 cxd5 24. Ng3 Rc8 25. Rad1 Bh6 26. f3 Bf4 27. Nf1 exf3 28.
gxf3 Qxh3 29. Rc1 Rxc1 30. Rxc1 Bxc1 31. Qf2 Kg7 32. f4 Bxf4 33. Qxa7 Qg4+ 34.
Kf2 Ne4+ 35. Ke1 Bg3+ 36. Qf2 Nxf2 37. Kd2 Bf4+ 38. Kc3 d4+ 39. Kc2 Ne4 40. Kd3
Qf3+ 41. Kc4 Qxf1+ 42. Kb4 Bd2+ 43. Ka3 b5 44. Bc2 Nc5 45. b4 Bc1# 0-1

[Event "5. ODEM U25 2008"]
[Site "Willingen GER"]
[Date "2008.05.13"]
[Round "5"]
[White "Holle, Niklas"]
[Black "Palm, Adrian"]
[Result "0-1"]
[Termination "normal"]
[Board "66"]
[WhiteElo "700"]
[BlackElo "915"]
[PlyCount "78"]
[EventCountry "GER"]
[EventRounds "9"]
[EventType "swiss"]
[EventDate "2008.05.10"]

1. e4 e6 2. Nf3 d5 3. e5 Nc6 4. Nc3 d4 5. Ne4 Be7 6. c3 dxc3 7. dxc3 Qxd1+ 8.
Kxd1 Nh6 9. Bb5 Bd7 10. Bg5 Bxg5 11. Nexg5 Ng4 12. Ke2 Ncxe5 13. Bxd7+ Nxd7 14.
Rhe1 O-O 15. Kf1 h6 16. Rad1 Rad8 17. Ne4 Nb6 18. Rc1 Nc4 19. h3 Nge5 20. Nxe5
Nxe5 21. b4 Nd3 22. Rb1 Nxe1 23. Rxe1 b6 24. c4 Rd4 25. Nc3 Rxc4 26. Nb5 Rxb4
27. Nxc7 Rc8 28. Na6 Ra4 29. Kg1 Rxa6 30. Re2 Rc1+ 31. Kh2 Ra1 32. Rd2 R6xa2
33. Rd8+ Kh7 34. Kg3 Rf1 35. f4 Rff2 36. Kh4 Rxf4+ 37. g4 Ra3 38. Rf8 g5+ 39.
Kh5 Rxh3# 0-1

[Event "5. ODEM U25 2008"]
[Site "Willingen GER"]
[Date "2008.05.13"]
[Round "5"]
[White "Hager, Julius"]
[Black "Kaphle, Christian"]
[Result "1-0"]
[Termination "normal"]
[Board "67"]
[WhiteElo "901"]
[BlackElo "715"]
[PlyCount "127"]
[EventCountry "GER"]
[EventRounds "9"]
[EventType "swiss"]
[EventDate "2008.05.10"]

1. e4 e5 2. Bc4 Nf6 3. d3 Bc5 4. Nf3 Nc6 5. O-O O-O 6. Re1 d6 7. c3 Bg4 8. Nbd2
Bd7 9. Nf1 Ng4 10. Re2 Nf6 11. Ng3 Be6 12. Bb3 Bxb3 13. axb3 h6 14. Be3 Bb6 15.
Qd2 Bxe3 16. Qxe3 Ng4 17. Qd2 b6 18. h3 Nf6 19. Nf5 Ne7 20. N3h4 Nxf5 21. Nxf5
Re8 22. Nxh6+ gxh6 23. Qxh6 Nd7 24. Re3 Re6 25. Rg3+ Rg6 26. Rxg6+ fxg6 27.
Qxg6+ Kf8 28. Re1 Ke7 29. Qg7+ Ke8 30. Re3 Qf6 31. Rg3 Qxg7 32. Rxg7 Rd8 33. h4
Nf6 34. Kh2 Rd7 35. Rg6 Kf7 36. Rg5 Nh7 37. Rf5+ Kg7 38. Kg3 Rf7 39. Rxf7+ Kxf7
40. Kg4 Kg6 41. h5+ Kf6 42. Kh4 c5 43. g4 Ng5 44. Kg3 b5 45. f4 exf4+ 46. Kxf4
b4 47. d4 bxc3 48. bxc3 Ne6+ 49. Ke3 Nf8 50. Kf4 Ne6+ 51. Ke3 Nf8 52. Kf3 Ke6
53. Kf4 Kf6 54. e5+ dxe5+ 55. dxe5+ Ke6 56. g5 Kf7 57. Kf5 Kg7 58. e6 a5 59.
h6+ Kg8 60. g6 Kh8 61. e7 Kg8 62. e8=Q a4 63. Qf7+ Kh8 64. Qg7# 1-0